000 00350nam a22001457a 4500
003 OSt
005 20220103101345.0
008 220103b |||||||| |||| 00| 0 eng d
020 _a9788170357469
040 _cHU
245 _aPERSPECTIVES IN ANIMAL ECOLOGY AND REPRODUCTION
260 _aDELHI
_bHALL
_c2011
300 _a494
942 _2ddc
_cBOOKS
_n0
999 _c25727
_d25727